MARC

Tag First Indicator Second Indicator Subfields
LEADER 00000cam a2200000 a 4500
001 in00000067281
005 20231130185646.0
008 810622s1944 paua b 001 0 eng
010 |a  45000989  
016 7 |a 03220430R  |2 DNLM 
016 7 |a 010253174  |2 Uk 
019 |a 378217  |a 366593231  |a 751762335  |a 869790561 
029 0 |a NLM  |b 03220430R 
029 1 |a HEBIS  |b 222426233 
029 1 |a NZ1  |b 8086767 
029 1 |a NZ1  |b 918442 
035 |a (OCoLC)ocm14749788  
035 |a (OCoLC)14749788  |z (OCoLC)378217  |z (OCoLC)366593231  |z (OCoLC)751762335  |z (OCoLC)869790561 
035 |a (OCoLC)ocm14749788  
040 |a NLM  |b eng  |c NLM  |d CSU  |d CGC  |d MTG  |d UBY  |d NIALS  |d NMC  |d UKMGB  |d OCLCF  |d OCLCO  |d OCLCQ  |d OCLCO  |d LTSCA  |d OCLCO  |d OCLCA  |d OCL  |d OCLCA  |d OCLCO  |d OCLCQ  |d OCLCO  |d OCL  |d OCLCO 
043 |a e-ne--- 
050 4 |a HV8532.N4  |b S45 1944 
060 0 0 |a HV 8501  |b S467p 1944 
082 0 4 |a 364  |b Se4p 
100 1 |a Sellin, Thorsten,  |d 1896-1994. 
245 1 0 |a Pioneering in penology :  |b the Amsterdam houses of correction in the sixteenth and seventeenth centuries /  |c by Thorsten Sellin. 
260 |a Philadelphia :  |b Universitry of Pennsylvania Press ;  |a London :  |b H. Milford, Oxford University Press,  |c 1944. 
300 |a viii, 125 pages :  |b illustrations ;  |c 23 cm 
336 |a text  |b txt  |2 rdacontent 
337 |a unmediated  |b n  |2 rdamedia 
338 |a volume  |b nc  |2 rdacarrier 
504 |a Includes bibliographical references (pages 111-120) and index. 
650 0 |a Prisons  |z Netherlands  |z Amsterdam  |x History  |y 16th century. 
650 0 |a Prisons  |z Netherlands  |z Amsterdam  |x History  |y 17th century. 
650 0 |a Corrections  |z Netherlands  |z Amsterdam  |x History  |y 16th century. 
650 0 |a Corrections  |z Netherlands  |z Amsterdam  |x History  |y 17th century. 
650 0 |a Punishment (Psychology) 
650 2 |a Prisons 
650 2 |a Punishment 
651 2 |a Netherlands 
650 6 |a Prisons  |z Pays-Bas  |z Amsterdam  |x Histoire  |y 16e siècle. 
650 6 |a Prisons  |z Pays-Bas  |z Amsterdam  |x Histoire  |y 17e siècle. 
650 6 |a Services correctionnels  |z Pays-Bas  |z Amsterdam  |x Histoire  |y 16e siècle. 
650 6 |a Services correctionnels  |z Pays-Bas  |z Amsterdam  |x Histoire  |y 17e siècle. 
650 6 |a Prisons. 
650 6 |a Punition (Psychologie) 
650 7 |a Punishment (Psychology)  |2 fast 
650 7 |a Corrections  |2 fast 
650 7 |a Prisons  |2 fast 
651 7 |a Netherlands  |z Amsterdam  |2 fast 
648 7 |a 1500-1699  |2 fast 
655 7 |a History  |2 fast 
776 0 8 |i Online version:  |a Sellin, Johan Thorsten, 1896-  |t Pioneering in penology.  |d Philadelphia, Univ. of Pennsylvania Press, 1944  |w (OCoLC)555300931 
776 0 8 |i Online version:  |a Sellin, Johan Thorsten, 1896-  |t Pioneering in penology.  |d Philadelphia, Univ. of Pennsylvania Press, 1944  |w (OCoLC)612455816 
776 0 8 |i Online version:  |a Sellin, Johan Thorsten, 1896-  |t Pioneering in penology.  |d Philadelphia, Univ. of Pennsylvania Press, 1944  |w (OCoLC)632296224 
948 |h HELD BY TXA - 305 OTHER HOLDINGS 
994 |a Z0  |b TXA 
999 f f |s 12e40a7e-45b9-3811-9ff6-067d7330f200  |i 531a460b-8b05-3d7a-b02b-c0ecef3da740  |t 0 
952 f f |p ric  |a Texas A&M University  |b Rellis Campus  |c Joint Library Facility  |d Remote Storage  |t 0  |e HV8532.N2 S4  |h Library of Congress classification  |i unmediated -- volume  |m A14800814464 
998 f f |a HV8532.N2 S4  |t 0  |l Remote Storage